COURAGE TO BE DISLIKED A SINGLE BOOK CAN CHAGE YOUR LIFE (Record no. 1218214)

MARC details
000 -LEADER
fixed length control field 00482nam a2200169Ia 4500
008 - FIXED-LENGTH DATA ELEMENTS--GENERAL INFORMATION
fixed length control field 260330s2018 xx 000 0 und d
020 ## - INTERNATIONAL STANDARD BOOK NUMBER
International Standard Book Number 9781760630720
041 ## - LANGUAGE CODE
Language code of text/sound track or separate title eng
082 ## - DEWEY DECIMAL CLASSIFICATION NUMBER
Classification number 158.1
Item number KIK
100 ## - MAIN ENTRY--PERSONAL NAME
Personal name KISHIMI, ICHIRO/ KOGA FUMITAKE
245 ## - TITLE STATEMENT
Title COURAGE TO BE DISLIKED A SINGLE BOOK CAN CHAGE YOUR LIFE
260 ## - PUBLICATION, DISTRIBUTION, ETC.
Place of publication, distribution, etc. New Delhi
Name of publisher, distributor, etc. ALLEN & UNWIN LONDON
Date of publication, distribution, etc. 2018
300 ## - PHYSICAL DESCRIPTION
Extent 272pg
Other physical details PB
365 ## - TRADE PRICE
Currency code Rs.
650 ## - SUBJECT ADDED ENTRY--TOPICAL TERM
Topical term or geographic name entry element Self-Help
700 ## - ADDED ENTRY--PERSONAL NAME
Personal name KISHIMI, ICHIRO/ KOGA FUMITAKE
Holdings
Withdrawn status Lost status Damaged status Not for loan Home library Current library Date acquired Source of acquisition Cost, normal purchase price Total Checkouts Full call number Barcode Date last seen Cost, replacement price Price effective from Koha item type
        Abhijit Kadam Institute of Management & Social Science, Solapur Abhijit Kadam Institute of Management & Social Science, Solapur 21/01/2026 BMSGB, Pune 495.00   158.1/KIK AKS-C-04694 30/03/2026 495.00 30/03/2026 Book